| 000 | 00000nam##2200000za#4500 |
| 001 | 9.648162 |
| 003 | CaOODSP |
| 005 | 20200330091837 |
| 007 | ta |
| 008 | 150407|2001||||xxc||||| f|0| 0 eng|d |
| 020 | |a0-662-30448-9 |
| 040 | |aCaOODSP|beng |
| 043 | |an-cn--- |
| 086 | 1 |aE2-351/1998E |
| 110 | 1 |aCanada.|bForeign Affairs and International Trade. |bCanadian Centre for Foreign Policy Development. |
| 245 | 14|aThe future of nuclear arms: implications for Canadian foreign policy : |bintegrated report from Roundtables in Ottawa, Kingston & Victoria |
| 260 | |aOttawa - Ontario : |bForeign Affairs and International Trade. |c2001. |
| 300 | |a10 unnumbered pages. ; |c28 cm. |
| 563 | |aSoftcover |
| 590 | |a01-48|b2001-11-30 |
| 690 | 07|aForeign policy|2gcpds |
| 690 | 07|aNuclear weapons|2gcpds |
| 776 | 0#|t"The Future of Nuclear Arms": Implications for Canadian Foreign Policy : |w(CaOODSP)9.686098 |
| 986 | |a1008.5E |